Operaciones a fijar precio según futuros (Registro nro. 28191)

Detalles MARC
000 -LEADER
fixed length control field 00307 a2200109 4500
001 - CONTROL NUMBER
control field ART_33059
005 - DATE AND TIME OF LATEST TRANSACTION
control field 20260410161926.0
008 - FIXED-LENGTH DATA ELEMENTS--GENERAL INFORMATION
fixed length control field 260409a
100 1# - MAIN ENTRY--PERSONAL NAME
Personal name Ouvrard, Gustavo
245 10 - TITLE STATEMENT
Title Operaciones a fijar precio según futuros
773 0# - HOST ITEM ENTRY
Title Lecturas
Related parts - Nº 11 (ene. 2008)
Record control number REV19328

No hay ítems disponibles.